[Event "Bled op 20th"]
[Site "Bled"]
[Date "1999.03.20"]
[Round "1"]
[White "Kosteniuk, Alexandra"]
[Black "Romanishin, Oleg M"]
[Result "0-1"]
[WhiteElo "2329"]
[BlackElo "2572"]
[PlyCount "142"]
[EventDate "1999.03.20"]
[EventType "swiss"]
[EventRounds "9"]
[EventCountry "SLO"]
[SourceTitle "CBM 069 Extra"]
[Source "ChessBase"]
[SourceDate "1999.05.10"]
[SourceVersion "1"]
[SourceVersionDate "1999.05.10"]
[SourceQuality "1"]

1. e4 c5 2. Nf3 e6 3. c4 Nc6 4. Nc3 Nf6 5. Be2 Qb6 6. O-O Be7 7. d3 d6 8. h3
Bd7 9. Be3 Nd4 10. Rb1 a5 11. Qd2 O-O 12. Bd1 Bc6 13. Bxd4 cxd4 14. Ne2 e5 15.
Ng3 Bd7 16. Ne1 Qb4 17. Qxb4 axb4 18. Bb3 b5 19. f4 bxc4 20. Bxc4 g6 21. Nf3
Ra5 22. Ne2 Nh5 23. fxe5 dxe5 24. g4 Ng7 25. Rf2 Be6 26. Bxe6 Nxe6 27. Ra1 Rfa8
28. Nc1 f6 29. Nd2 Nf4 30. Rf3 g5 31. Nc4 R5a6 32. b3 Kg7 33. Rb1 h5 34. Rb2
Rh8 35. Rh2 Rh7 36. Rg3 Ra8 37. h4 hxg4 38. hxg5 Rxh2 39. Kxh2 Rh8+ 40. Kg1
Nh3+ 41. Kf1 Rh4 42. gxf6+ Kxf6 43. Ne2 Ke6 44. Na5 Nf4 45. Nc6 Bc5 46. Na5 Bd6
47. Nc4 Be7 48. Na5 Bg5 49. Nc4 Nh5 50. Rg1 Bf4 51. Kg2 Rh2+ 52. Kf1 g3 53. Rg2
Rh1+ 54. Rg1 Rh3 55. Rg2 Nf6 56. Ng1 Rh1 57. Ke2 Ng4 58. Kf3 Nf2 59. Nb2 Nh3
60. Nxh3 Rxh3 61. Nc4 Rh1 62. Nb6 Rd1 63. Nd5 Rxd3+ 64. Kg4 Rd1 65. Nxf4+ exf4
66. Kxf4 Rf1+ 67. Kxg3 Ke5 68. a3 bxa3 69. Ra2 d3 70. Kg2 Rf8 71. Rxa3 d2 0-1

[Event "Bled op 20th"]
[Site "Bled"]
[Date "1999.03.21"]
[Round "2"]
[White "Waller, Helmut"]
[Black "Kosteniuk, Alexandra"]
[Result "0-1"]
[WhiteElo "2213"]
[BlackElo "2329"]
[PlyCount "94"]
[EventDate "1999.03.20"]
[EventType "swiss"]
[EventRounds "9"]
[EventCountry "SLO"]
[SourceTitle "CBM 069 Extra"]
[Source "ChessBase"]
[SourceDate "1999.05.10"]
[SourceVersion "1"]
[SourceVersionDate "1999.05.10"]
[SourceQuality "1"]

1. e4 d5 2. exd5 Qxd5 3. Nc3 Qa5 4. d4 Nf6 5. Nf3 Bg4 6. h3 Bh5 7. g4 Bg6 8.
Bg2 Nc6 9. O-O O-O-O 10. Bd2 Qb6 11. Na4 Qb5 12. b3 Nxd4 13. c4 Qe8 14. Nxd4
Rxd4 15. Qf3 Be4 16. Qe3 e5 17. Bc3 Bxg2 18. Kxg2 Nxg4 19. hxg4 Rxg4+ 20. Kf3
f5 21. Qxe5 Qh5 22. Qe6+ Kd8 23. Rad1+ Rd4+ 24. Ke3 Rxd1 25. Bf6+ gxf6 26.
Qxf6+ Ke8 27. Rxd1 Qxd1 28. Qxh8 Qe1+ 29. Kf3 Qe4+ 30. Kg3 f4+ 31. Kg4 f3+ 32.
Kg3 Kf7 33. c5 b5 34. Nc3 Qg6+ 35. Kxf3 Qf5+ 36. Ke2 Bg7 37. Qd8 Qc2+ 38. Kf1
Bxc3 39. Qxc7+ Kf6 40. Qc6+ Kf5 41. Qxb5 Qd1+ 42. Kg2 Qd5+ 43. Kg1 Kf4 44. Qb8+
Be5 45. Qf8+ Ke4 46. Qe7 Kf3 47. Qf8+ Bf4 0-1

[Event "Bled op 20th"]
[Site "Bled"]
[Date "1999.03.22"]
[Round "3"]
[White "Kosteniuk, Alexandra"]
[Black "Balinov, Ilia"]
[Result "1-0"]
[WhiteElo "2329"]
[BlackElo "2434"]
[PlyCount "59"]
[EventDate "1999.03.20"]
[EventType "swiss"]
[EventRounds "9"]
[EventCountry "SLO"]
[SourceTitle "CBM 069 Extra"]
[Source "ChessBase"]
[SourceDate "1999.05.10"]
[SourceVersion "1"]
[SourceVersionDate "1999.05.10"]
[SourceQuality "1"]

1. e4 c5 2. Nf3 e6 3. c4 Nc6 4. Nc3 Nf6 5. Be2 Be7 6. O-O Qb6 7. d3 d6 8. Ne1
Nd4 9. f4 Bd7 10. Nc2 h5 11. Rb1 g6 12. Bf3 Nxf3+ 13. Qxf3 Ng4 14. h3 Bf6 15.
e5 Bc6 16. Ne4 dxe5 17. hxg4 O-O-O 18. g5 Bg7 19. fxe5 Bxe5 20. Bf4 Bg7 21. Qe2
h4 22. Nd6+ Rxd6 23. Bxd6 h3 24. Rxf7 hxg2 25. Qxe6+ Kd8 26. Be7+ Kc7 27. Bxc5+
Kb8 28. Bxb6 Rh1+ 29. Kf2 axb6 30. Rg1 1-0

[Event "Bled op 20th"]
[Site "Bled"]
[Date "1999.03.24"]
[Round "5"]
[White "Kosteniuk, Alexandra"]
[Black "Bojkovic, Natasa"]
[Result "1/2-1/2"]
[WhiteElo "2329"]
[BlackElo "2424"]
[PlyCount "117"]
[EventDate "1999.03.20"]
[EventType "swiss"]
[EventRounds "9"]
[EventCountry "SLO"]
[SourceTitle "CBM 069 Extra"]
[Source "ChessBase"]
[SourceDate "1999.05.10"]
[SourceVersion "1"]
[SourceVersionDate "1999.05.10"]
[SourceQuality "1"]

1. e4 c5 2. c3 Nf6 3. e5 Nd5 4. d4 cxd4 5. Nf3 e6 6. cxd4 d6 7. Bc4 Nc6 8. O-O
Be7 9. Qe2 O-O 10. Re1 Bd7 11. Nc3 Nxc3 12. bxc3 d5 13. Bd3 Rc8 14. h4 Bxh4 15.
g3 Be7 16. Kg2 f5 17. exf6 Bxf6 18. Rh1 g6 19. Bh6 Rf7 20. Rh2 Qe7 21. Bf4 Re8
22. Ne5 Rg7 23. Bh6 Bxe5 24. dxe5 Rf7 25. Rah1 Rf5 26. Bxf5 exf5 27. Bf4 Be6
28. Qd2 h5 29. Bg5 Qf7 30. Bf6 Qh7 31. Qg5 Kf7 32. Qf4 Rc8 33. Rb1 Ke8 34. Rhh1
Rc7 35. Rhd1 Qf7 36. Qh6 Qh7 37. Qxh7 Rxh7 38. Kf3 Rc7 39. Rb5 Kd7 40. Kf4 b6
41. Kg5 Na5 42. a4 Nb7 43. f3 Rc4 44. Ra1 Rc7 45. Rd1 Rxc3 46. Rbxd5+ Bxd5 47.
e6+ Kxe6 48. Re1+ Kd6 49. Bxc3 Bxf3 50. Kxg6 Bg4 51. Be5+ Kd5 52. Bb8 Nc5 53.
a5 bxa5 54. Bxa7 Ne4 55. Ra1 Nxg3 56. Rxa5+ Ke4 57. Bb8 Ne2 58. Kg5 Ke3 59. Bc7
1/2-1/2

[Event "Bled op 20th"]
[Site "Bled"]
[Date "1999.03.25"]
[Round "6"]
[White "Sale, Srdjan"]
[Black "Kosteniuk, Alexandra"]
[Result "1-0"]
[WhiteElo "2415"]
[BlackElo "2329"]
[PlyCount "109"]
[EventDate "1999.03.20"]
[EventType "swiss"]
[EventRounds "9"]
[EventCountry "SLO"]
[SourceTitle "CBM 069 Extra"]
[Source "ChessBase"]
[SourceDate "1999.05.10"]
[SourceVersion "1"]
[SourceVersionDate "1999.05.10"]
[SourceQuality "1"]

1. Nf3 f5 2. e4 fxe4 3. Ng5 Nf6 4. d3 e5 5. dxe4 h6 6. Nf3 d6 7. Bc4 Bg4 8. h3
Bh5 9. Nc3 Qd7 10. Be3 Nc6 11. Qe2 Bf7 12. O-O-O Bxc4 13. Qxc4 Qf7 14. Nd5 Nxd5
15. exd5 Nd8 16. Nd2 Qd7 17. f4 Nf7 18. Nf3 Be7 19. fxe5 dxe5 20. Qe4 Bf6 21.
Bc5 Qb5 22. Ba3 O-O-O 23. c4 Qa4 24. Kb1 Kb8 25. Rhe1 Nd6 26. Bxd6 cxd6 27. Qc2
Qb4 28. a3 Qb6 29. Nd2 Rc8 30. Ne4 Qc7 31. b3 Rhf8 32. Qd3 Rf7 33. Rf1 Rcf8 34.
Rf3 Be7 35. Rxf7 Rxf7 36. c5 Qd7 37. Qc4 Rf4 38. g3 Rf8 39. b4 Rc8 40. Rf1 Bf8
41. c6 Qe8 42. b5 Be7 43. Ka2 Qh5 44. g4 Qg6 45. Rf5 Rf8 46. Qf1 Kc7 47. Qf3
Rxf5 48. Qxf5 Qe8 49. Qe6 Qd8 50. Kb3 a6 51. a4 axb5 52. axb5 Kb6 53. Nc3 Kc7
54. Na4 bxc6 55. dxc6 1-0

[Event "Bled op 20th"]
[Site "Bled"]
[Date "1999.03.26"]
[Round "7"]
[White "Kosteniuk, Alexandra"]
[Black "Praznik, Niko"]
[Result "1-0"]
[WhiteElo "2329"]
[BlackElo "2229"]
[PlyCount "91"]
[EventDate "1999.03.20"]
[EventType "swiss"]
[EventRounds "9"]
[EventCountry "SLO"]
[SourceTitle "CBM 069 Extra"]
[Source "ChessBase"]
[SourceDate "1999.05.10"]
[SourceVersion "1"]
[SourceVersionDate "1999.05.10"]
[SourceQuality "1"]

1. e4 e6 2. Nf3 d5 3. Nc3 Nf6 4. e5 Nfd7 5. d4 c5 6. dxc5 Nc6 7. Bf4 Nxc5 8.
Bd3 Be7 9. h4 h6 10. h5 Qb6 11. Rb1 Bd7 12. Kf1 Nxd3 13. cxd3 Qa6 14. a3 b5 15.
Rh3 Rb8 16. Rg3 Kf8 17. Ne1 Nd4 18. Ne2 Nf5 19. Rh3 Bc5 20. Nc2 Bb6 21. Bd2 Rc8
22. Nf4 Qb7 23. Ne3 Nxe3+ 24. fxe3 d4 25. Bb4+ Kg8 26. e4 Bc7 27. Qf3 Bxe5 28.
Ne2 Rc2 29. Kg1 Qc7 30. Rf1 Be8 31. b3 a5 32. Be1 Rb2 33. Bg3 Bxg3 34. Nxg3
Rxb3 35. e5 Qxe5 36. Qa8 Kh7 37. Ne4 Rxa3 38. Qb7 f5 39. Qe7 Ra2 40. Ng5+ hxg5
41. h6 Kg6 42. hxg7 Rg8 43. Rh8 Bf7 44. Rh5 Qf6 45. Rh6+ Kxh6 46. Qxf6+ 1-0

[Event "Dresden (Women)"]
[Site "Dresden"]
[Date "1999.??.??"]
[Round "?"]
[White "David, Gundula"]
[Black "Kosteniuk, Alexandra"]
[Result "0-1"]
[WhiteElo "2125"]
[BlackElo "2320"]
[PlyCount "84"]
[EventDate "1999.07.??"]
[EventType "tourn"]
[EventRounds "9"]
[EventCountry "GER"]
[EventCategory "1"]
[SourceTitle "EXT 2000"]
[Source "ChessBase"]
[SourceDate "1999.11.16"]
[SourceVersion "1"]
[SourceVersionDate "1999.11.16"]
[SourceQuality "1"]

1. e4 d5 2. exd5 Qxd5 3. Nc3 Qa5 4. d4 Nf6 5. Nf3 Bg4 6. Bc4 Nc6 7. Bb5 O-O-O
8. Bxc6 bxc6 9. O-O e5 10. Qd3 exd4 11. Ne2 Bxf3 12. Qxf3 Qd5 13. Qd3 c5 14.
Rd1 Bd6 15. Bf4 Bxf4 16. Nxf4 Qd6 17. Qf5+ Kb8 18. Nd3 Qd5 19. Qxd5 Rxd5 20. b3
Re8 21. Re1 Kc8 22. Rxe8+ Nxe8 23. Re1 Kd8 24. Re5 Rxe5 25. Nxe5 Ke7 26. Nc6+
Kd7 27. Na5 Nd6 28. Kf1 c6 29. Ke2 Kc7 30. Kd3 f6 31. Nc4 Nb5 32. a4 Nc3 33.
Nd2 Kd6 34. Nc4+ Kd5 35. f3 f5 36. g3 g5 37. h3 h5 38. g4 fxg4 39. fxg4 h4 40.
Kd2 Ke4 41. Nd6+ Kf3 42. Nf7 Ne4+ 0-1

[Event "Dresden (Women)"]
[Site "Dresden"]
[Date "1999.??.??"]
[Round "?"]
[White "Kiefhaber, Veronika"]
[Black "Kosteniuk, Alexandra"]
[Result "0-1"]
[WhiteElo "2235"]
[BlackElo "2320"]
[PlyCount "58"]
[EventDate "1999.07.??"]
[EventType "tourn"]
[EventRounds "9"]
[EventCountry "GER"]
[EventCategory "1"]
[SourceTitle "EXT 2000"]
[Source "ChessBase"]
[SourceDate "1999.11.16"]
[SourceVersion "1"]
[SourceVersionDate "1999.11.16"]
[SourceQuality "1"]

1. e4 c5 2. c3 d5 3. exd5 Qxd5 4. d4 Nf6 5. Nf3 Bg4 6. Nbd2 e6 7. Bc4 Qd7 8.
Qb3 Bd6 9. Ne5 Qc7 10. Nxg4 Nxg4 11. Be2 Nf6 12. Nc4 Be7 13. O-O O-O 14. dxc5
Bxc5 15. Be3 Bxe3 16. Nxe3 Nc6 17. Rfd1 Rfd8 18. Bf3 Nd7 19. g3 Rab8 20. Bg2 b5
21. Rd2 Na5 22. Qc2 Ne5 23. Rad1 Nac4 24. Nxc4 Nxc4 25. Rxd8+ Rxd8 26. Rxd8+
Qxd8 27. b3 Qd2 28. Qe4 Qd1+ 29. Bf1 Qxf1+ 0-1

[Event "Dresden (Women)"]
[Site "Dresden"]
[Date "1999.??.??"]
[Round "?"]
[White "Kosteniuk, Alexandra"]
[Black "Duppel, Tina"]
[Result "1-0"]
[WhiteElo "2320"]
[BlackElo "2095"]
[PlyCount "67"]
[EventDate "1999.07.??"]
[EventType "tourn"]
[EventRounds "9"]
[EventCountry "GER"]
[EventCategory "1"]
[SourceTitle "EXT 2000"]
[Source "ChessBase"]
[SourceDate "1999.11.16"]
[SourceVersion "1"]
[SourceVersionDate "1999.11.16"]
[SourceQuality "1"]

1. d4 d5 2. Bg5 Bf5 3. c4 dxc4 4. Nc3 h6 5. Bh4 g5 6. Bg3 Nf6 7. f3 c6 8. e4
Be6 9. h4 Bg7 10. hxg5 hxg5 11. Rxh8+ Bxh8 12. Qd2 Qa5 13. O-O-O Na6 14. d5
O-O-O 15. Bxc4 cxd5 16. Nxd5 Qxd2+ 17. Rxd2 Nxd5 18. exd5 Bf5 19. Nh3 Bf6 20.
Nf2 Nc5 21. b4 Na4 22. Ne4 Bxe4 23. fxe4 Bc3 24. Rf2 Bxb4 25. Rxf7 Nc3 26. Bd3
Bc5 27. Kb2 Nd1+ 28. Kb3 b6 29. Ba6+ Kd7 30. e5 Rh8 31. d6 Kc6 32. Rxe7 Ne3 33.
Bb7+ Kb5 34. a4+ 1-0

[Event "Dresden (Women)"]
[Site "Dresden"]
[Date "1999.??.??"]
[Round "?"]
[White "Kosteniuk, Alexandra"]
[Black "Heymann, Ulrike"]
[Result "1/2-1/2"]
[WhiteElo "2320"]
[BlackElo "2195"]
[PlyCount "83"]
[EventDate "1999.07.??"]
[EventType "tourn"]
[EventRounds "9"]
[EventCountry "GER"]
[EventCategory "1"]
[SourceTitle "EXT 2000"]
[Source "ChessBase"]
[SourceDate "1999.11.16"]
[SourceVersion "1"]
[SourceVersionDate "1999.11.16"]
[SourceQuality "1"]

1. d4 g6 2. e4 Bg7 3. Be3 d6 4. Qd2 Nf6 5. f3 a6 6. Nc3 Nbd7 7. Nh3 Rb8 8. Bh6
O-O 9. Nf2 c5 10. dxc5 Nxc5 11. h4 b5 12. h5 Be6 13. Bxg7 Kxg7 14. hxg6 fxg6
15. Qh6+ Kg8 16. g4 Rf7 17. g5 Nh5 18. Rxh5 gxh5 19. b4 Rg7 20. f4 Bf7 21. bxc5
Qa5 22. Nfd1 dxc5 23. Qc6 b4 24. Nd5 b3+ 25. c3 Kh8 26. Qxa6 Qd8 27. axb3 Bxd5
28. exd5 Qxd5 29. Qc4 Qf3 30. Nf2 Rd8 31. Rd1 Qe3+ 32. Be2 Rgg8 33. Rd3 Rxd3
34. Nxd3 Ra8 35. Nf2 Ra1+ 36. Nd1 Qg1+ 37. Kd2 Ra2+ 38. Kd3 Qe1 39. Ke3 Qg1+
40. Kd3 Qe1 41. Ke3 Qg1+ 42. Kd3 1/2-1/2

[Event "Dresden (Women)"]
[Site "Dresden"]
[Date "1999.??.??"]
[Round "?"]
[White "Kosteniuk, Alexandra"]
[Black "Lomineishvili, Maia"]
[Result "1-0"]
[WhiteElo "2320"]
[BlackElo "2385"]
[PlyCount "51"]
[EventDate "1999.07.??"]
[EventType "tourn"]
[EventRounds "9"]
[EventCountry "GER"]
[EventCategory "1"]
[SourceTitle "EXT 2000"]
[Source "ChessBase"]
[SourceDate "1999.11.16"]
[SourceVersion "1"]
[SourceVersionDate "1999.11.16"]
[SourceQuality "1"]

1. e4 c5 2. Nf3 e6 3. c4 a6 4. Nc3 Qc7 5. Be2 Nc6 6. O-O Nf6 7. d4 cxd4 8. Nxd4
Bb4 9. Nxc6 dxc6 10. Qd3 e5 11. Nd1 O-O 12. Be3 Nd7 13. a3 Bc5 14. b4 Bxe3 15.
Nxe3 Re8 16. c5 Nf8 17. Nc4 Rd8 18. Qc3 Rd4 19. Nd6 Ne6 20. f4 f6 21. Bc4 Kh8
22. fxe5 fxe5 23. Rf7 Qd8 24. Raf1 Bd7 25. Qg3 Ng5 26. Qxg5 1-0

[Event "Dresden (Women)"]
[Site "Dresden"]
[Date "1999.??.??"]
[Round "?"]
[White "Kosteniuk, Alexandra"]
[Black "Straub, Natalia"]
[Result "1-0"]
[WhiteElo "2320"]
[BlackElo "2340"]
[PlyCount "103"]
[EventDate "1999.07.??"]
[EventType "tourn"]
[EventRounds "9"]
[EventCountry "GER"]
[EventCategory "1"]
[SourceTitle "EXT 2000"]
[Source "ChessBase"]
[SourceDate "1999.11.16"]
[SourceVersion "1"]
[SourceVersionDate "1999.11.16"]
[SourceQuality "1"]

1. e4 c5 2. Nf3 e6 3. c4 Nc6 4. Nc3 Nge7 5. d4 Nxd4 6. Nxd4 cxd4 7. Qxd4 Nc6 8.
Qe3 b6 9. Qg3 Qf6 10. Bg5 Qg6 11. Bd3 f6 12. Bf4 Bb4 13. Rc1 Qxg3 14. hxg3 Ne5
15. Bxe5 fxe5 16. Rh5 Bd6 17. Nb5 Bb8 18. Ke2 Ke7 19. g4 g6 20. Rh6 Kf6 21. g3
Ba6 22. Rd1 Bxb5 23. cxb5 Bd6 24. Bc4 Bf8 25. Rh2 Rd8 26. g5+ Kxg5 27. Bxe6 Bc5
28. Bxd7 Bd4 29. f4+ Kf6 30. Bc6 h6 31. Kf3 Rd6 32. b3 g5 33. Rdh1 exf4 34.
Rxh6+ Rxh6 35. Rxh6+ Ke7 36. Rh7+ Kf6 37. gxf4 gxf4 38. Kxf4 Be5+ 39. Kg4 Rd2
40. Rxa7 Bc3 41. Bd5 Bd4 42. a4 Ke5 43. Re7+ Kd6 44. Re6+ Kd7 45. a5 bxa5 46.
b6 Rg2+ 47. Kf3 Rf2+ 48. Kg3 Rf8 49. b7 Ba7 50. Ra6 Bb8+ 51. Kg2 Bd6 52. Rxa5
1-0

[Event "Dresden (Women)"]
[Site "Dresden"]
[Date "1999.??.??"]
[Round "?"]
[White "Lutz, Anke"]
[Black "Kosteniuk, Alexandra"]
[Result "0-1"]
[WhiteElo "2260"]
[BlackElo "2320"]
[PlyCount "86"]
[EventDate "1999.07.??"]
[EventType "tourn"]
[EventRounds "9"]
[EventCountry "GER"]
[EventCategory "1"]
[SourceTitle "EXT 2000"]
[Source "ChessBase"]
[SourceDate "1999.11.16"]
[SourceVersion "1"]
[SourceVersionDate "1999.11.16"]
[SourceQuality "1"]

1. e4 c5 2. Nf3 d6 3. d4 cxd4 4. Nxd4 Nf6 5. Nc3 Nc6 6. Bg5 e6 7. Qd2 a6 8.
O-O-O h6 9. Be3 Bd7 10. f4 Qc7 11. Bd3 b5 12. Kb1 Be7 13. Rhe1 Nxd4 14. Bxd4 b4
15. Ne2 e5 16. Bg1 a5 17. Rc1 O-O 18. h3 Rfb8 19. c4 bxc3 20. Nxc3 Qd8 21. f5
Bc6 22. Qe2 Rb7 23. Rc2 Qd7 24. Ka1 Bd8 25. g4 d5 26. exd5 Nxd5 27. Nxd5 Bxd5
28. Be4 Bxe4 29. Qxe4 Rab8 30. Qe2 Bf6 31. Be3 Rb4 32. Kb1 Qd5 33. Qd2 Qb7 34.
Bc5 Rb5 35. Ba3 Rd5 36. Qe2 Rbd8 37. Bc5 Rd3 38. Qf1 a4 39. a3 Qb3 40. h4 Bxh4
41. Rec1 Bg5 42. Re1 Rd2 43. Rec1 R2d5 0-1

[Event "Monarch Assurance 08th"]
[Site "Port Erin"]
[Date "1999.11.06"]
[Round "1"]
[White "Shneider, Aleksandr"]
[Black "Kosteniuk, Alexandra"]
[Result "1-0"]
[WhiteElo "2551"]
[BlackElo "2324"]
[PlyCount "89"]
[EventDate "1999.11.06"]
[EventType "swiss"]
[EventRounds "9"]
[EventCountry "IOM"]
[SourceTitle "CBM 074"]
[Source "ChessBase"]
[SourceDate "2000.02.01"]
[SourceVersion "1"]
[SourceVersionDate "2000.02.01"]
[SourceQuality "1"]

1. d4 f5 2. Nc3 d5 3. Bf4 c6 4. e3 Nf6 5. Bd3 Be6 6. Nf3 g6 7. h4 Bf7 8. h5 Bg7
9. Ne5 Nbd7 10. g4 Nxe5 11. Bxe5 fxg4 12. h6 Bf8 13. e4 Qd7 14. Qe2 O-O-O 15.
exd5 Bxd5 16. Nxd5 Qxd5 17. O-O-O Qxa2 18. Bc4 Qa1+ 19. Kd2 Qa5+ 20. c3 b5 21.
Be6+ Kb7 22. Kc2 Qb6 23. b4 a6 24. f3 g3 25. f4 a5 26. bxa5 Qxa5 27. Ra1 Qb6
28. Qf3 Rd6 29. Bb3 Rd8 30. Qxg3 Ra8 31. Rxa8 Kxa8 32. Qf3 Kb7 33. Be6 Qa5 34.
Kb2 b4 35. cxb4 Qxb4+ 36. Qb3 Qxb3+ 37. Kxb3 Kb6 38. Kc4 Kb7 39. Rh2 Kb6 40.
Rh1 Ka7 41. Kb4 Kb7 42. Ka5 Ka7 43. Rh3 Kb7 44. d5 cxd5 45. Rb3+ 1-0

[Event "Monarch Assurance 08th"]
[Site "Port Erin"]
[Date "1999.11.07"]
[Round "2"]
[White "Kosteniuk, Alexandra"]
[Black "Peters, Stephen G"]
[Result "1-0"]
[WhiteElo "2324"]
[BlackElo "2158"]
[PlyCount "66"]
[EventDate "1999.11.06"]
[EventType "swiss"]
[EventRounds "9"]
[EventCountry "IOM"]
[SourceTitle "CBM 074"]
[Source "ChessBase"]
[SourceDate "2000.02.01"]
[SourceVersion "1"]
[SourceVersionDate "2000.02.01"]
[SourceQuality "1"]

1. e4 e6 2. Nf3 d5 3. Nc3 Nf6 4. e5 Nfd7 5. d4 c5 6. dxc5 Nc6 7. Bf4 Bxc5 8.
Bd3 a6 9. O-O b5 10. Re1 Be7 11. Qd2 Nc5 12. Ne2 Qb6 13. c3 Nxd3 14. Qxd3 b4
15. Ned4 a5 16. Rec1 Ba6 17. Qd1 Bb5 18. Nxc6 Bxc6 19. Nd4 Bd7 20. Be3 Qa6 21.
Qg4 Rg8 22. Nb3 Rb8 23. Qh5 h6 24. Nc5 Qb5 25. c4 dxc4 26. Nxd7 Qxd7 27. Rxc4
Rb5 28. Rac1 Rd5 29. Rc8+ Bd8 30. Bb6 Qe7 31. R1c7 Rd7 32. Qf3 Rxc7 33. Bxc7
Qc5 1-0

[Event "Monarch Assurance 08th"]
[Site "Port Erin"]
[Date "1999.11.08"]
[Round "3"]
[White "Collins, Sam E"]
[Black "Kosteniuk, Alexandra"]
[Result "0-1"]
[WhiteElo "2097"]
[BlackElo "2324"]
[PlyCount "106"]
[EventDate "1999.11.06"]
[EventType "swiss"]
[EventRounds "9"]
[EventCountry "IOM"]
[SourceTitle "CBM 074"]
[Source "ChessBase"]
[SourceDate "2000.02.01"]
[SourceVersion "1"]
[SourceVersionDate "2000.02.01"]
[SourceQuality "1"]

1. e4 c5 2. Nf3 d6 3. d4 cxd4 4. Nxd4 Nf6 5. Nc3 Nc6 6. Bc4 e6 7. Be3 a6 8. Bb3
Be7 9. f4 O-O 10. Qf3 Nxd4 11. Bxd4 b5 12. e5 dxe5 13. fxe5 Qxd4 14. exf6 Bc5
15. fxg7 Rd8 16. Rd1 Qe5+ 17. Qe4 Rxd1+ 18. Kxd1 Qxe4 19. Nxe4 Be7 20. c3 Bb7
21. Re1 Kxg7 22. Kc2 Bc6 23. Nf2 Rd8 24. Nd3 Bd6 25. g3 a5 26. a3 Bf3 27. Nf4
e5 28. Bd5 Bg4 29. Nd3 Bf5 30. Be4 Bxe4 31. Rxe4 f5 32. Re1 e4 33. Nc1 Bc5 34.
Ne2 Be3 35. Rd1 Rxd1 36. Kxd1 Kf6 37. b3 a4 38. Kc2 Ke5 39. c4 bxc4 40. bxa4
Bb6 41. Kc3 Kd5 42. Nf4+ Kc5 43. Ne6+ Kd6 44. Ng7 Kd5 45. Nxf5 e3 46. Kc2 e2
47. Kd2 Ke4 48. Nh4 c3+ 49. Kxe2 Be3 50. Nf3 c2 51. Nd2+ Kd4 52. a5 Kc3 53.
Ne4+ Kb2 0-1

[Event "Monarch Assurance 08th"]
[Site "Port Erin"]
[Date "1999.11.11"]
[Round "6"]
[White "Kosteniuk, Alexandra"]
[Black "Giddins, Stephen"]
[Result "1/2-1/2"]
[WhiteElo "2324"]
[BlackElo "2376"]
[Annotator "Finkel,A"]
[PlyCount "102"]
[EventDate "1999.11.06"]
[EventType "swiss"]
[EventRounds "9"]
[EventCountry "IOM"]
[SourceTitle "CBM 074"]
[Source "ChessBase"]
[SourceDate "2000.02.01"]
[SourceVersion "1"]
[SourceVersionDate "2000.02.01"]
[SourceQuality "1"]

1. e4 e6 2. Nf3 d5 3. Nc3 Nf6 4. e5 Nfd7 5. d4 c5 6. dxc5 Nc6 7. Bf4 Bxc5 8.
Bd3 f6 9. exf6 Nxf6 10. Qe2 O-O 11. O-O-O Qa5 (11... a6 $5 12. Ne5 Bd6 13. Bg3
Qc7 14. Ng4 Bd7 15. Kb1 b5 16. Bf5 Rae8 17. Nxf6+ Rxf6 $132 {Zakharov,
A-Kashtanov,R/RUS-Cup01 Chigorin mem 1997}) (11... Bd7 12. Rhe1 (12. Ne5 Nxe5
13. Bxe5 b5 14. g4 b4 15. g5 $5 bxc3 16. gxf6 g6 17. Qg4 $36 {Zakharov,
A-Potkin,V/Petrosjan mem-J 1997}) 12... a6 13. Ne5 Nxe5 14. Bxe5 b5 15. Qf3 $1
(15. g4 Be8 16. f4 b4 17. Nb1 Nd7 18. Bd6 Rf6 $13 {Zakharov,A-Dolmatov,S/
RUS-Cup9 1997}) 15... b4 16. Ne2 Qb6 17. Nf4 Rf7 18. Re2 $16 {Zakharov,
A-Alavkin,A/RUS-Cup9 1997}) 12. Kb1 Nb4 (12... Nh5 $6 13. Be3 $1 Bb4 (13... d4
$6 14. Nd2 $1 {[%csl Rh5]} (14. Nxd4 $2 Bxd4 {[%cal Ga5h5]} 15. Bxd4 Nxd4 16.
Qe4 Nf5 17. g4 Nf6 $19) 14... Nf4 (14... dxe3 15. Qxh5 g6 16. Bxg6 hxg6 17.
Qxg6+ Kh8 18. Nb3 Qb4 19. Qh5+ $16 {[%cal Gh5h8,Gh5c5]}) 15. Bxf4 dxc3 16. Nb3
Qb4 17. Bg3 $36 {[%cal Ge2h5]}) 14. Nd4 $1 Nf6 (14... Bxc3 15. Qxh5 g6 16. Bxg6
hxg6 17. Qxg6+ Kh8 18. Nxc6 bxc6 19. Rd4 $1 $18 {[%cal Gd4h4]}) (14... Nf4 15.
Bxf4 Nxd4 16. Bxh7+ $1 Kxh7 17. Rxd4 Bxc3 18. Qd3+ Kg8 19. bxc3 $16) 15. Nb3
Qd8 16. Bc5 Bxc5 17. Nxc5 $14) 13. Be5 $5 {[%cal Gf3d4,Gf2f4,Gg2g4]} Bd7 14.
Nd4 (14. Bd4 $6 Nc6 15. Bxc5 Qxc5 16. Rhe1 Rae8 $11) 14... Bxd4 $5 15. Bxd4 Nc6
16. Be5 (16. Nb5 $6 e5 $1 (16... Nxd4 17. Nxd4 Rae8 18. f4 Qc7 19. g3 $14) 17.
Bc3 Qb6 18. f3 d4 19. Bc4+ Kh8 20. Be1 e4 $1 $36) 16... Nxe5 17. Qxe5 $14 Rac8
18. f3 ({Even stronger was} 18. f4 Qc7 19. Qxc7 Rxc7 20. g3 Ng4 21. Rd2 $14 {
[%cal Gc3e2,Ge2d4,Gh1e1] with very comfortable advantage in the endgame.})
18... Qc7 19. Rhe1 Qxe5 20. Rxe5 Ne8 21. Ne2 (21. Nb5 Bxb5 22. Bxb5 Rd8 $1 23.
Bd3 Nc7 24. Kc1 Rf6 25. Kd2 h6 $14) 21... Nd6 22. f4 ({Deserved attention} 22.
Nd4 $5 Nf7 23. Re2 {and black can't play} e5 $2 24. Bf5 $1 Bxf5 (24... Rcd8 25.
Ne6 $1 Bxe6 26. Bxe6 d4 27. Rxe5 $18) 25. Nxf5 Rcd8 26. Rxd5 $1 $16 {with
winning position.}) 22... Rce8 {[%cal Gd7b5]} 23. Re3 (23. g3 $6 Nf7 24. Re3 e5
25. c3 $5 (25. fxe5 Rxe5 26. Rxe5 (26. Rf3 $2 Bg4 27. Rf2 Rfe8 28. Rd2 Nd6 $36)
26... Nxe5 27. Nf4 Bg4 28. Re1 Nxd3 29. cxd3 d4 $13)) 23... Bb5 24. Bxb5 Nxb5
25. g3 $14 Kf7 26. b3 h6 (26... h5 27. Re5 g6 28. c4 Nc7 29. Kc2 dxc4 30. bxc4
Rd8 31. Rb1 b6 32. c5 $14) 27. Re5 $5 Kf6 28. c4 (28. Kb2 g5) 28... Nc7 29. Nc3
g5 $5 {Changing the character of the game.} (29... dxc4 $5 30. Ne4+ (30. Rd7
Re7 31. Ne4+ Kf7 32. Nd6+ Kf6 33. Rxe7 Kxe7 34. Nxb7 cxb3 35. axb3 g5 $11)
30... Ke7 31. Rc5 Na6 32. Rxc4 $14) 30. cxd5 gxf4 31. gxf4 exd5 32. Nxd5+ Nxd5
33. Rexd5 Re2 34. Rd6+ (34. R5d2 Rxd2 $1 35. Rxd2 Ke6 $1 36. Rd4 Rg8 37. Kc2
Kf5 $132) 34... Kf5 35. Rxh6 Rc8 $1 {Even though white is two pawns up the
endgame is drawn.Active position of black rooks on the second rank fully
compensates him for the lack of pawns.} 36. Rf1 (36. Rd7 Rcc2 37. Rf7+ Kg4 38.
Rg7+ Kxf4 39. Rh4+ Kf5 $11) 36... Rcc2 $44 {[%csl Rb1][%cal Gc2a2,Ge2h2]} 37.
Rh5+ Kf6 38. Ra5 a6 39. h4 Rh2 40. h5 Rb2+ 41. Ka1 Rbd2 42. b4 Rde2 43. Rb1
Ref2 $1 $11 44. b5 Rxh5 45. Ra4 (45. bxa6 $4 Rxa5 46. axb7 Raxa2#) 45... Rxb5
46. Rxb5 axb5 47. Rb4 Ke6 48. Rxb5 Rxf4 49. Rxb7 Kd6 50. Kb2 Kc6 51. Rb8 Kc7
1/2-1/2